[Event "RUS-ch Rapid 2021"]
[Site "Sochi"]
[Date "2021.10.13"]
[Round "9.8"]
[White "Afanasiev, Nikita"]
[Black "Rozum, Ivan"]
[Result "0-1"]
[WhiteElo "2560"]
[BlackElo "2529"]
[Annotator "TA"]
[PlyCount "89"]
[EventDate "2021.10.12"]
[EventType "swiss"]
[EventCountry "RUS"]
[SourceTitle "playchess.com"]
[Source "ChessBase"]
[SourceQuality "1"]

{[%evp 13,89,9,3,-18,0,-14,-41,-85,40,14,68,70,51,15,1,0,0,0,0,-129,-136,-304,-306,-387,-368,-370,-337,-350,-339,-799,-548,-535,-558,-556,-558,-560,-548,-544,-547,-527,-500,-551,-544,-551,-542,-539,-533,-593,-604,-671,-575,-572,-555,-668,-668,-661,-658,-646,-587,-658,-600,-594,-643,-634,-623,-640,-643,-949,-928,-824,0,-839,-634,-643,-633,-980,-974,-1027]} 1. e4 c6 2. d4 d5 3. f3 g6 4. Nc3 Bg7 5. Be3 Qb6 6. Qd2 Qxb2 7. Rb1 Qa3 8. Bd3 {B15: Caro-Kann: 3 Nc3: 3...g6 and 3...dxe4 4 Nxe4 Nf6 5 Nxf6+ exf6.} dxe4 9. fxe4 e5 $1 {[%cal Re5d4] [#]} 10. dxe5 $146 {[#]Black is slightly better.} ({Predecessor:} 10. Bc4 Nf6 11. Nf3 exd4 12. Bxd4 O-O 13. O-O Qe7 14. e5 Ng4 15. h3 Nh6 16. Ne4 {1-0 (32) Zvjaginsev,V (2677)-Slugin,S (2402) Moscow 2008}) 10... Bxe5 (10... Nd7 $1 $17 11. Rb3 Qe7) 11. Rb3 $1 $14 {[%cal Rb3a3]} Qa5 (11... Qe7 $11) 12. Nf3 Bg7 {White must now prevent ...Be6.} 13. Bc4 {Hoping for 0-0.} (13. e5 $5) 13... Nf6 $1 14. e5 Ng4 15. Bxf7+ Kxf7 16. Ng5+ (16. e6+ $1 $11 {was the only way to keep the balance.} Ke8 17. Bd4) 16... Ke8 $17 {Black continues to play with concentration.} 17. O-O $2 (17. Nge4 $17 {keeps fighting.} Qxe5 18. Nd6+ Ke7 19. Nce4) 17... Qxe5 $19 {[%csl Gg4][%cal Re5h2][%mdl 64] Double Attack} 18. Re1 Qxh2+ 19. Kf1 {White wants to mate with Bb6+.} Rf8+ 20. Bf4+ Be5 21. Rb4 (21. Ne2 Qh4 22. Rf3) 21... Qh1+ 22. Ke2 Qxg2+ 23. Kd1 Qxd2+ 24. Kxd2 Rf5 (24... Rxf4 $2 25. Rxf4 Ke7 26. Nf3 $19) 25. Rbe4 Nd7 (25... Rxf4 $2 26. Rxf4 Ke7 27. Nf3 $19) 26. Nf3 {[#]} Nc5 $1 27. Rxe5+ (27. Rd4 Ne6) 27... Nxe5 28. Nxe5 Be6 29. Bg3 Rd8+ 30. Ke3 Kf8 31. Ne2 Rd5 32. Nf3 Bc8 33. Ned4 Rf7 34. c4 Re7+ 35. Kd2 Rdd7 {...Ne4+ is the strong threat.} 36. Be5 Ne6 37. Kc3 Nxd4 38. Nxd4 Kg8 39. Nf3 Rd8 40. Re3 Rf8 41. Kd4 Rd8+ $2 (41... c5+ $19 42. Kxc5 {[#]} Rxf3 $1 {[%mdl 576] Remove Defender, Deflection} 43. Rxf3 Rxe5+ 44. Kd4 Re2) 42. Ke4 $2 {[%mdl 8192]} (42. Kc3 $11 Rde8 43. Kd2) 42... Bf5+ {Black is clearly winning.} 43. Kf4 Rd3 44. Re1 c5 45. Ng1 {Weighted Error Value: White=0.60/Black=0.28} 0-1

[Event "RUS-ch Rapid 2021"]
[Site "Sochi"]
[Date "2021.10.13"]
[Round "9.10"]
[White "Bocharov, Dmitry"]
[Black "Zubritskiy, Artyom"]
[Result "1-0"]
[WhiteElo "2517"]
[BlackElo "2442"]
[Annotator "TA"]
[PlyCount "132"]
[EventDate "2021.10.12"]
[EventType "swiss"]
[EventCountry "RUS"]
[SourceTitle "playchess.com"]
[Source "ChessBase"]
[SourceQuality "1"]

{[%evp 9,132,22,35,28,37,26,39,27,28,21,59,21,45,39,29,39,72,36,51,51,76,60,61,41,56,51,114,116,118,100,198,202,362,357,344,348,484,464,604,477,557,406,404,386,389,375,385,381,376,377,457,383,399,395,354,365,392,394,595,380,419,460,449,452,478,480,482,480,468,438,577,325,335,313,357,326,454,405,408,386,391,402,401,339,349,350,318,198,215,195,314,320,308,316,425,422,525,420,443,434,427,431,418,366,355,363,419,419,487,487,458,411,598,523,475,432,865,858,858,854,829,808,789,736,664]} 1. Nf3 f5 2. d4 Nf6 3. c4 g6 4. e3 Bg7 5. b4 O-O 6. Bb2 {A84: Dutch Defence: 2 c4 Miscellaneous.} d6 7. Be2 e6 (7... Nbd7 8. Qb3 e6 9. O-O Qe7 10. Nc3 Re8 11. Rfd1 h6 12. Rac1 g5 13. a4 g4 14. Nh4 Nf8 15. g3 Bd7 16. Qc2 N6h7 17. d5 Qf7 18. dxe6 Bxe6 19. Nd5 {1-0 (31) Bocharov,D (2524)-Zubritskiy,A (2442) Chess.com INT 2020}) 8. O-O {White is slightly better.} Qe7 9. Nc3 Nc6 10. b5 Nd8 11. a4 {[%cal Ba2a4,Ba4a5][%mdl 32]} Nf7 12. a5 g5 {[#]} 13. c5 $146 ({Predecessor:} 13. Qb3 g4 14. Nd2 e5 15. Rfe1 Be6 16. Nd5 Qd7 17. Nxf6+ Bxf6 18. d5 Ng5 19. dxe6 Qxe6 {1-0 (38) Franke,R (2270)-Wesseln,K (2365) Germany 1998}) 13... g4 14. Nd2 d5 15. Ba3 c6 16. a6 bxa6 $1 17. bxc6 {[%cal Bb5c6,Bc6b7][%mdl 32]} Ne8 {White now steadily converts the win.} (17... Nd8 $14) 18. Qa4 $16 Nc7 19. Rab1 e5 {[#]} (19... Nd8 $16) 20. Rb7 $1 $18 {[%mdl 512] Hoping for Nxd5!} Bxb7 $2 (20... Be6 21. Bxa6 Qd8) 21. cxb7 Rab8 22. c6 Qh4 23. Qa5 exd4 24. exd4 (24. Qxc7 Be5 $18) 24... Bxd4 {...Bb6 is the strong threat.} 25. Bxf8 Bb6 26. Qa3 Qf6 {[#]} 27. Na4 $1 Qxc6 28. Nxb6 axb6 {[#]} 29. Rc1 $1 Qd7 (29... Qxb7 30. Bd6) 30. Bb4 Rxb7 31. Qc3 d4 32. Qb3 a5 {[#]} 33. Bxa5 {[%mdl 576] Pin} Ne6 (33... Nd5 $142 34. Bb5 Qd6) 34. Bb4 {Threatens to win with Bb5!} Nf4 35. Bf1 Kg7 36. Ba3 Ng5 37. Qb4 Nge6 38. Nc4 Qd5 39. Nd6 Rb8 40. Qb5 Qxb5 41. Bxb5 (41. Nxb5 d3) 41... Ra8 42. Bb2 (42. Nxf5+ Kf6 $11) 42... Ra2 43. Rb1 Kf6 44. Bc4 Ra4 45. g3 Nh3+ 46. Kf1 Nhg5 47. Bb3 Ra8 48. Bc2 Nf3 49. Bc1 ({Resist} 49. Nxf5 Rc8) ({But not} 49. Bxf5 $6 Nd2+ 50. Ke2 Nxb1 $16) 49... Nxh2+ (49... Ra5 {was necessary.} 50. Nc4 (50. Rxb6 Re5 $11) 50... Rc5) 50. Kg2 Nf3 {Strongly threatening ...Ne1+.} 51. Bxf5 h5 52. Be4 Rd8 53. Nc4 Nfg5 54. Bxg5+ Nxg5 55. Rxb6+ Ke7 56. Bf5 Rd5 57. Bd3 Rc5 58. Nd2 Ra5 59. Rb5 Rxb5 60. Bxb5 Nh7 (60... Ne6 $142 61. f4 Nc5) 61. Nb3 {White is clearly winning.} Nf6 62. Nxd4 Kd6 (62... Ne4 $142 63. Bd3 Nf6) 63. Ne2 Ke5 64. Bd3 Ke6 65. Bg6 Ke5 66. Kf1 Kd5 {Weighted Error Value: White=0.25/Black=0.39} 1-0

[Event "RUS-ch Rapid 2021"]
[Site "Sochi"]
[Date "2021.10.13"]
[Round "9.11"]
[White "Murzin, Volodar"]
[Black "Grachev, Boris"]
[Result "1/2-1/2"]
[WhiteElo "2513"]
[BlackElo "2615"]
[Annotator "TA"]
[PlyCount "99"]
[EventDate "2021.10.12"]
[EventType "swiss"]
[EventCountry "RUS"]
[SourceTitle "playchess.com"]
[Source "ChessBase"]
[SourceQuality "1"]

{[%evp 18,99,14,14,6,9,30,16,33,0,14,0,0,0,0,-7,0,0,0,-9,0,0,0,0,0,0,0,0,-6,-54,0,0,0,0,0,0,0,0,0,0,0,-58,6,0,2,-21,-25,-56,0,0,0,0,0,0,0,0,0,0,0,0,0,0,0,0,0,0,0,0,0,0,0,0,0,0,0,0,0,0,0,0,0,0,0,0]} 1. e4 e6 2. d4 d5 3. Nc3 Be7 4. Bd3 c5 5. dxc5 Nf6 6. exd5 exd5 7. Nf3 O-O 8. O-O Bxc5 9. h3 h6 10. Bf4 Nc6 {C01: French: Exchange Variation.} 11. Qd2 Re8 12. Rfe1 Be6 13. Ne5 (13. Nb5 $5 {[%cal Rb5c7]}) 13... a6 14. a3 Nxe5 15. Bxe5 Nd7 16. Bg3 Nb6 17. Rad1 Rc8 18. Ne2 {[%cal Bc3e2,Be2g3,Bg3h5][%mdl 32]} Qg5 {[#]} 19. Bf4 $146 ({Predecessor:} 19. c3 Nc4 20. Qxg5 hxg5 21. Bxc4 dxc4 22. Nd4 Bd7 23. Rxe8+ Rxe8 24. Nf3 Bc6 25. Kf1 {0-1 (40) Samolins,V (2404)-Jakovenko,D (2722) Istanbul 2012}) 19... Qf6 20. c3 Bf5 {Hoping for ...Bxd3.} 21. Bxf5 Qxf5 22. Ng3 Qf6 {With the idea ...Rxe1+.} 23. Nh5 Qg6 (23... Qh4 $15 24. Ng3 Nc4) 24. Ng3 $11 Nc4 25. Rxe8+ Rxe8 26. Qxd5 {[%mdl 64] [#] Double Attack} Nxb2 27. Rd2 Na4 28. Qxb7 Nxc3 29. Kh2 ({White should play} 29. Qc7 $11 Qb6 30. Rc2 Re1+ 31. Kh2 Bxf2 32. Qxc3 (32. Qc8+ Kh7 $11) 32... Bg1+ 33. Kh1 Bf2+ 34. Kh2 Bg1+ 35. Kh1 Bf2+ 36. Kh2) 29... Qf6 (29... Bxa3 $15 30. Be5 Nb5) 30. Qc7 Bb6 ({Don't go for} 30... Bxa3 $2 31. Nh5 $18) 31. Qd6 (31. Nh5 {feels hotter.} Qg6 32. Qxc3 Qxh5 33. Bg3 Qb5 34. Rb2) 31... Qxd6 32. Rxd6 Bc7 (32... Bxf2 $15 33. Rxa6 Re1) 33. Rd4 {The position is equal.} Nb5 (33... Bxf4 {with more complications.} 34. Rxf4 Rc8 35. Nf5 Rc5 36. Nd6 f6) 34. Rc4 Bxf4 35. Rxf4 Nxa3 {[%mdl 4096] Endgame KRN-KRN} 36. Ra4 Nb5 37. Rxa6 Nd4 38. Rd6 Ne6 39. Rd2 g6 40. Re2 Ra8 41. Nf1 h5 42. h4 Nd4 43. Re4 Nf5 44. g3 Ra2 45. Kg2 Ra3 46. Nh2 Nh6 47. Re2 Kg7 48. Nf3 Nf5 49. Rd2 Ra7 50. Nd4 {Weighted Error Value: White=0.07/Black=0.08} 1/2-1/2

[Event "RUS-ch Rapid 2021"]
[Site "Sochi"]
[Date "2021.10.13"]
[Round "9.12"]
[White "Pogosyan, Stefan"]
[Black "Sarana, Alexey"]
[Result "0-1"]
[WhiteElo "2407"]
[BlackElo "2649"]
[Annotator "TA"]
[PlyCount "90"]
[EventDate "2021.10.12"]
[EventType "swiss"]
[EventCountry "RUS"]
[SourceTitle "playchess.com"]
[Source "ChessBase"]
[SourceQuality "1"]

{[%evp 9,89,-13,-19,-27,-12,-23,-15,-14,-17,-57,-44,-52,-18,-43,-34,-39,27,27,50,56,94,91,96,91,97,72,70,52,60,38,55,19,22,-43,-28,-31,-29,-66,-15,-26,-23,-60,-72,-64,-13,-21,-13,-39,1,23,24,-83,-79,-47,-88,-332,-340,-574,-565,-550,-519,-548,-543,-533,-524,-683,-211,-573,-630,-29988,-29987,-29991,-29992,-29992,-29993,-29993,-29994,-29994,-29995,-29997,-29998,-29999]} 1. Nf3 d5 2. c4 d4 3. b4 c5 4. bxc5 Nc6 5. g3 e5 6. d3 {A09: Réti Opening: 1 Nf3 d5 2 c4.} Nf6 $5 {[%mdl 4] Leaves trodden paths.} 7. Bg2 Bxc5 8. O-O {The position is equal.} O-O 9. Nfd2 Bf5 {[#]} 10. a4 $146 ({Predecessor:} 10. Qb3 Qd7 11. Na3 Rfe8 12. Rb1 b6 13. Qb5 Rac8 14. Nb3 Bf8 15. c5 Nd5 16. Bd2 {½-½ (43) Robeys,S-Gelens,J Brasschaat 1987}) 10... Qe7 11. Nb3 Bb4 12. Na3 e4 (12... Rfd8 $15) 13. Nc2 $11 Bc3 14. Ba3 Qe5 15. Bxf8 {[#] aiming for Bc5.} Rxf8 16. Rb1 Rd8 17. Nc1 Qe7 18. Na2 Ba5 19. Rb3 h5 20. Qb1 b6 21. f3 (21. Qc1 $11) 21... exd3 $15 22. exd3 Ne5 23. Qd1 Nfd7 (23... Bd7 $15) 24. f4 (24. Nxd4 Qc5 $17) 24... Ng4 25. Nab4 Bxb4 26. Rxb4 Ne3 ({Black should play} 26... Nc5 $15 27. Re1 Qd6) 27. Re1 $11 Qc5 28. Qd2 {Threatens to win with Rb5.} ({Avoid the trap} 28. Nxe3 $2 dxe3 29. Rb5 e2+ 30. Rxc5 exd1=Q $19) 28... Nxc2 29. Rb5 Qa3 ({But not} 29... Nxe1 $6 30. Rxc5 Nxc5 31. Qxe1 $16) 30. Rxf5 (30. Qxc2 $11 {keeps the balance.} Nc5 31. Qe2) 30... Nxe1 $17 31. Qxe1 Nf6 32. Bd5 $2 {Now White is beyond hope.} (32. Qd1 $17) 32... Qxd3 $19 33. Qe7 $2 (33. Rg5 {was worth a try.} Rf8 34. Re5) 33... Qb1+ 34. Kg2 Qc2+ 35. Kg1 Qxf5 ({Not} 35... Rf8 36. Rxf6 gxf6 37. Qxf6 $17) 36. Qxd8+ Kh7 {( -> ...Ng4)} 37. Bxf7 Qe4 (37... Qb1+ 38. Kg2 Qc2+ {[%mdl 64] Double Attack} 39. Kg1 d3) 38. Qc8 $2 {[#]} (38. f5 {was the crucial defense.} h4 39. Bg6+ Kh6 40. gxh4 Qxh4 41. Qh8+ Kg5 42. Qxh4+ Kxh4 43. Kg2) 38... d3 $1 {[%cal Rd3d2] And now ...d2 would win.} 39. f5 d2 {Black mates.} 40. Qd8 Qe1+ 41. Kg2 Qe2+ 42. Kh3 d1=Q 43. Bg6+ Kh6 44. Qh8+ Kg5 {[%cal Re2f1]} 45. Qxg7 Qdf1# {Weighted Error Value: White=0.54/Black=0.21} 0-1

[Event "RUS-ch Rapid 2021"]
[Site "Sochi"]
[Date "2021.10.13"]
[Round "9.20"]
[White "Ekdyshman, Mikhail"]
[Black "Antipov, Mikhail Al."]
[Result "0-1"]
[WhiteElo "2315"]
[BlackElo "2619"]
[Annotator "TA"]
[PlyCount "94"]
[EventDate "2021.10.12"]
[EventType "swiss"]
[EventCountry "RUS"]
[SourceTitle "playchess.com"]
[Source "ChessBase"]
[SourceQuality "1"]

{[%evp 14,94,-13,-25,-27,-31,0,0,0,0,0,0,0,-58,-62,-56,-5,-2,0,-6,-8,-39,-44,-37,-40,-54,-25,-54,-49,-75,-66,-97,-80,-125,-64,-65,-70,-121,-125,-129,-126,-134,-142,-157,-39,-75,-85,-82,-72,-77,-66,-155,-153,-151,-144,-160,-135,-136,-137,-129,-90,-165,-131,-149,-110,-447,-443,-29992,-29985,-29993,-29975,-29962,-12851,-29990,-5326,-29991,-29992,-29992,-29993,-29998,-29997,-29997,-29998]} 1. c4 g6 2. Nc3 c5 3. Nf3 Bg7 4. d4 cxd4 5. Nxd4 Nc6 6. Nc2 Bxc3+ 7. bxc3 Nf6 8. f3 Qa5 {A35: Symmetrical English: 2 Nc3 Nc6 3 Nf3.} 9. e4 d6 10. Be2 Qxc3+ {The position is equal.} 11. Bd2 Qe5 12. O-O O-O {[#]} 13. Bh6 $146 (13. Ne3 $11) ({Predecessor:} 13. Bd3 Be6 14. f4 Qc5+ 15. Be3 Qh5 16. Qd2 Ng4 17. h3 Nxe3 18. Nxe3 {½-½ (57) Dmochowska,A (2126)-Korbal,A (2168) Suwalki 2019}) 13... Re8 $15 14. Rb1 Qa5 (14... Nd7 $15) 15. Bd2 $11 Qc7 16. Ne3 Nd4 17. Bc3 Nxe2+ 18. Qxe2 Be6 19. Rfc1 Rac8 20. Bd4 b6 21. Qb2 Nd7 22. f4 {With the idea f5.} f6 23. Qe2 Nc5 (23... Bf7 $17 24. Nd5 Qc6) 24. f5 $15 Bf7 25. Ng4 (25. Nd5 $15 Bxd5 26. cxd5) 25... Qc6 $17 26. Re1 Nd7 27. Rbc1 {[%cal Bb1c1,Bc1c3,Bc3a3,Ba3a7][%mdl 32]} Bxc4 28. Qe3 Qa4 (28... g5 $17 {Strongly threatening ...Ne5.} 29. Nh6+ Kf8) 29. Rc3 Bf7 ({Inferior is} 29... Bxa2 30. Ra3 $16) 30. Ra3 Qb4 31. Rxa7 Ne5 32. Nxe5 ({White should play} 32. Nh6+ $15 Kg7 33. Nxf7 Kxf7 34. a3) 32... dxe5 33. Bxb6 gxf5 34. exf5 Rc2 {aiming for ...Bd5.} 35. Rc7 {[#]} Rxc7 36. Bxc7 Rc8 37. Rc1 (37. a3 $17 {was worth a try.} Qb5 38. Bb6) 37... Qb2 {And now ...Bd5 would win.} 38. Qc5 Qd2 $40 {[%mdl 128] White must now prevent ...Bd5. White is in trouble.} 39. a4 $2 {[%mdl 8192] White does not recover from this.} (39. h3 $17) 39... Bd5 $19 {[%csl Gd5][%cal Rd2g2]} 40. Kf1 {[#]} (40. Qc2 $19 Qg5 41. Kf1) 40... Bxg2+ 41. Kg1 Bd5 {[%csl Gd5][%cal Rd2g2]} 42. Kf1 Kf7 43. Rc2 Qd1+ 44. Kf2 Rg8 {Black mates.} 45. Ke3 Rg4 46. Qc3 Re4+ 47. Kf2 Rf4+ {[%mdl 64] Double Attack.  Weighted Error Value: White=0.61/Black=0.14} 0-1

[Event "RUS-ch Rapid 2021"]
[Site "Sochi"]
[Date "2021.10.13"]
[Round "9.21"]
[White "Sakaev, Konstantin"]
[Black "Gubsky, Egor"]
[Result "1-0"]
[WhiteElo "2603"]
[BlackElo "2339"]
[Annotator "TA"]
[PlyCount "71"]
[EventDate "2021.10.12"]
[EventType "swiss"]
[EventCountry "RUS"]
[SourceTitle "playchess.com"]
[Source "ChessBase"]
[SourceQuality "1"]

{[%evp 12,71,32,-6,-6,8,21,9,25,0,13,14,15,0,16,11,15,26,22,25,59,68,64,67,72,60,69,63,126,14,104,55,178,74,82,77,79,68,104,70,69,73,59,64,87,80,335,333,345,340,333,333,342,326,406,403,1368,569,1228,991,1403,870]} 1. d4 Nf6 2. c4 e6 3. Nc3 Bb4 4. e3 O-O 5. Bd3 c5 6. Nf3 Nc6 7. d5 Bxc3+ {E50: Nimzo-Indian: Rubinstein: 4...0-0 5 Nf3.} 8. bxc3 Ne7 9. e4 {e5 is the strong threat.} d6 {The position is equal.} 10. Bg5 {[#]} Ne8 $146 ({Predecessor:} 10... Ng6 11. O-O h6 12. Bd2 exd5 13. cxd5 Re8 14. Re1 Bg4 15. h3 Ne5 16. Be2 Bxf3 17. Bxf3 {0-1 (49) Erickson,P-Connor,S CServe email 1996}) 11. dxe6 Bxe6 12. Nd2 h6 13. Bh4 Qd7 14. O-O Ng6 15. Bg3 Nc7 16. Re1 Rad8 17. Nf1 Ne5 18. Ne3 b5 19. cxb5 Nxb5 {[#]} (19... Nxd3 $14 20. Qxd3 Nxb5) 20. Qd2 (20. Bf1 $1 $16) 20... Qc6 (20... Na3 $11) 21. Bf1 c4 ({Black should try} 21... Na3 $1 $14) 22. Nd5 (22. f4 $18) 22... Qc5 23. Nf4 Rfe8 24. Nxe6 Rxe6 25. Rad1 Qa3 26. Rc1 Rc8 27. h3 Nd7 28. Re3 Nc5 $2 {[%mdl 8192]} (28... Qa5 $16) 29. Bxc4 $18 {[%mdl 64] Double Attack} Nxe4 {[#]} 30. Rxe4 {[%mdl 512]} Rxe4 31. Bxb5 d5 32. Bd3 Ra4 33. Bf5 Rcc4 (33... Rd8 $142 34. Bc2 Rc4) 34. Re1 (34. Rb1 $142 {Intending Rb8+ and mate.} Qf8 35. Rb8 Qxb8 36. Bxb8) 34... Qf8 35. Bd7 d4 36. Bxa4 {Weighted Error Value: White=0.29/Black=0.42} 1-0

[Event "RUS-ch Rapid 2021"]
[Site "Sochi"]
[Date "2021.10.13"]
[Round "10.4"]
[White "Lysyj, Igor"]
[Black "Bocharov, Dmitry"]
[Result "0-1"]
[WhiteElo "2603"]
[BlackElo "2517"]
[Annotator "TA"]
[PlyCount "74"]
[EventDate "2021.10.12"]
[EventType "swiss"]
[EventCountry "RUS"]
[SourceTitle "playchess.com"]
[Source "ChessBase"]
[SourceQuality "1"]

{[%evp 18,74,20,12,18,8,22,22,26,8,41,27,33,8,10,0,18,8,30,12,25,-14,-12,0,-1,-25,-20,-30,-11,-9,-9,-14,-8,-16,-9,-9,0,0,0,-25,-16,-99,-85,-75,-84,-47,-46,-117,-107,-122,-131,-129,-117,-281,-262,-272,-266,-938,-891]} 1. d4 Nf6 2. c4 e6 3. Nf3 b6 4. g3 Bb7 5. Bg2 Be7 6. O-O O-O 7. Nc3 Ne4 8. Qc2 Nxc3 9. Qxc3 Bf6 10. Qd3 {aiming for Ng5.} d5 {E19: Queen's Indian: Old Main Line with 7...Ne4 8 Qc2 Nxc3 8 Qxc3.} 11. cxd5 exd5 12. Be3 {[#]} a5 $146 {The position is equal.} ({Predecessor:} 12... Re8 13. Rac1 a5 14. Bf4 Na6 15. Qd2 c5 16. b3 h6 17. Rfd1 Qe7 18. e3 Rac8 {½-½ (88) Lysyj,I (2603)-Makhnev,D (2513) Chess.com INT 2021}) 13. Rac1 Na6 14. a3 Re8 15. Qb5 c6 16. Qb3 h6 17. Rc2 Ra7 18. Rfc1 c5 19. dxc5 Nxc5 20. Bxc5 bxc5 21. Rxc5 Rxe2 22. R5c2 Rxc2 23. Qxc2 Ra8 {[%cal Ba7a8,Ba8e8,Be8e2][%mdl 32]} 24. Qd2 a4 25. h4 Qb6 26. Ne1 Re8 ({Of course not} 26... Qxb2 $6 27. Qxb2 Bxb2 28. Rb1 $16) (26... Bxb2 $2 27. Rb1 $18) 27. Nd3 Ba6 28. Rd1 Bc4 29. Nb4 (29. Bf3 $11) 29... Re2 $17 {[%mdl 64] [#] Double Attack} 30. Qf4 Be5 ({Much worse is} 30... Bxb2 $6 31. Bxd5 Bxd5 32. Nxd5 $11) 31. Qf3 Bd4 $36 {[%cal Re2f2][%mdl 2048] Black has the initiative.} 32. Nxd5 Qxb2 {[%cal Re2f2]} 33. Qg4 Bxf2+ 34. Kh1 {Black must now prevent Qc8+.} Bxd5 35. Qc8+ $2 (35. Bxd5 $17 {is the only way for White.} Qc2 36. Rf1) 35... Kh7 $19 {( -> ...Bxg2+)} 36. Bxd5 Qe5 ({Weaker is} 36... Qxa3 37. Qf5+ Kh8 38. Qxf7 Kh7 {[#]} 39. Be4+ $1 {[%mdl 576] Decoy} Rxe4 40. Qf5+ {[%mdl 64] Double Attack} g6 41. Qf7+ Kh8 42. Rd8+ Re8 43. Rxe8+ Qf8 44. Rxf8#) 37. Qg4 (37. Qc4) 37... f5 {Weighted Error Value: White=0.48/Black=0.06} 0-1

[Event "RUS-ch Rapid 2021"]
[Site "Sochi"]
[Date "2021.10.13"]
[Round "10.5"]
[White "Sarana, Alexey"]
[Black "Timofeev, Artyom"]
[Result "1-0"]
[WhiteElo "2649"]
[BlackElo "2586"]
[Annotator "TA"]
[PlyCount "94"]
[EventDate "2021.10.12"]
[EventType "swiss"]
[EventCountry "RUS"]
[SourceTitle "playchess.com"]
[Source "ChessBase"]
[SourceQuality "1"]

{[%evp 15,94,35,35,25,27,22,19,15,30,-6,4,0,17,16,38,13,20,25,25,23,38,3,12,25,14,0,0,0,0,0,-5,-30,0,0,0,-14,0,0,0,-39,0,-64,0,-6,0,0,10,10,8,11,8,4,7,6,8,0,0,0,0,0,0,0,0,0,0,-14,-14,-14,-13,-13,-3,-3,-3,-3,-3,-3,-3,-3,0,0,0]} 1. d4 d5 2. Nf3 Nf6 3. c4 dxc4 4. e3 e6 5. Bxc4 c5 6. O-O a6 7. dxc5 {7.b3 is a critical line.} Bxc5 8. Qxd8+ Kxd8 9. Nfd2 {D27: Queen's Gambit Accepted: Classical main line: 7 e4!? and 7 a4.} Ke7 10. Be2 Bd7 11. Nb3 Bd6 12. f3 {[#]} Nd5 $146 ({Predecessor:} 12... Nc6 13. e4 Nb4 14. Na3 b5 15. Be3 Rhc8 16. Rfd1 e5 17. Rd2 Be6 18. Na5 Rab8 {0-1 (47) Muradli,M (2461)-Ismagilov,D (2231) Chess.com INT 2021}) 13. Rd1 Bc7 14. Nc3 Bc6 15. Nd4 Nxc3 16. bxc3 Rc8 17. Ba3+ Ke8 18. Rab1 Ba4 19. Rdc1 (19. Rxb7 Bxd1 20. Bxd1 Nd7 $15) 19... b6 {[%cal Bb7b6,Bb6b5][%mdl 32]} 20. Bd3 Nd7 21. Be4 Rab8 22. Rb4 b5 23. Rbb1 (23. Bxh7 Bb6 $17) 23... Bb6 24. Bd6 ({Reject} 24. Bxh7 g6 $19) 24... Bc7 25. Ba3 Bb6 26. Bd6 ({Wrong is} 26. Bxh7 $2 g6 $19) 26... Bc7 27. Bb4 Bb6 (27... a5 $5 {[%cal Ra5b4]} 28. Ba3 Ne5 $11) 28. Kf2 ({But not} 28. Bxh7 g6 $17) (28. Bd6 $11) 28... Bc5 ({Black should try} 28... Nf6 $15) 29. Ke2 {The position is equal.} Rc7 30. Bc6 {Bxc5 is the strong threat.} Bxd4 31. cxd4 {[#] Hoping for Bd6.} Rbc8 32. Bxd7+ Kxd7 33. Bc5 a5 34. a3 e5 35. Kd3 exd4 36. exd4 Re8 37. Re1 Rcc8 38. Re4 f5 39. Rxe8 Rxe8 $11 {[%mdl 4096] Endgame KRB-KRB} 40. Rb2 (40. d5 {looks sharper.} Re5 41. Kd4 Re2 42. Kd3 Rxg2 43. Re1) 40... Kc6 41. Re2 Rxe2 42. Kxe2 {KB-KB} Kd5 43. Kd3 Bb3 44. Kc3 Bc4 45. Bb6 a4 46. g3 Be2 47. f4 g6 {[%mdl 32768] Weighted Error Value: White=0.08/Black=0.06. Loss on time!?} 1-0